000 00788cab a2200265 4500
001 WB3508-05
008 090401t1999 xxu||||| |||| 00| 0 eng d
035 _a(Sirsi) u91598
041 _aeng
245 _aWimpey & Beazer predict solid growth
260 _c1999
350 _a0
490 _aFinancial Times
_v24 February 1999, 32
490 _aIndependent
_v24 February 1999, 21(2)
520 _aWimpey and Beazer predict solid growth for this year, highlighting the current mood of optimism among housebuilders.
650 _aBEAZER
650 _aCONSTRUCTION COMPANIES
650 _aCONSTRUCTION MARKET
650 _aFORECASTS
650 _aHOUSE BUILDERS
650 _aWIMPEY
690 _aBUILDING AND CONSTRUCTION-ECONOMICS
942 _n0
948 _c25/02/1999
999 _c58161
_d58161